00518nam a22001577a 450000500170000000800410001702000150005804100250007308200140009810000500011224500740016225000200023626000470025630000320030365000250033520231031082150.0231031b |||||||| |||| 00| 0 eng d a0702153907 aEnglish / Afrikaans  a347.6 LAW aVan Der Merwe, T et al. lEnglish / Afrikaans aThe Law of Evidence : bCases and Statutes /cT van der Merwe et al.  aSecond Edition  aCape Town : bJuta and Company Ltd, c2000 bix, 330 pages ; c25,4 cm.  alegal practice bLaw